Kurt Vonnegut Novels: Sudden Death - Statistics

General Stats
  • This quiz has been taken 57 times
  • The average score is 9 of 14
Answers on the Grid
Answers color-coded by a green-red scale on the quiz's grid according to % correct below.
Player Piano
Mother Night
Catch-22
Do Androids Dream of Electric Sheep?
Cat's Cradle
Slaughterhouse-Five
Breakfast of Champions
1984
The Stranger
Slapstick
A Heartbreaking Work of Staggering Genius
Jailbird
The Plague
Deadeye Dick
Galapagos
Waiting for Godot
God Bless You, Mr. Rosewater
The Sirens of Titan
The Hotel New Hampshire
Bluebeard
Hocus Pocus
Timequake
Lost Boys
Fahrenheit 451
 
Answer Stats
Answer % Correct
Cat's Cradle
95%
Slaughterhouse-Five
89%
Breakfast of Champions
81%
God Bless You, Mr. Rosewater
73%
Player Piano
68%
The Sirens of Titan
68%
Jailbird
65%
Galapagos
62%
Slapstick
62%
Mother Night
59%
Deadeye Dick
54%
Bluebeard
51%
Timequake
51%
Hocus Pocus
46%
No matching quizzes found
Score Distribution
Percent of People with Each Score
Percentile by Number Answered
Your Score History
You have not taken this quiz